000 00884caa a22002417a 4500
999 _c418473
_d418473
001 130442
003 UA-OsUOA
005 20200112141525.0
007 ta
008 20180424b un ||||| |||| 00| 0 ukr d
040 _aUA-OsUOA
_bukr
_cUA-OsUOA
_dUA-OsUOA
041 _aukr
080 _a908
090 _a908
_bА92
100 _aАтаманюк Л.
245 _aУніатська церква на Волині, 1596–1620 рр. (за матеріалами "Архива Юго-Западной России")
_cЛ. Атаманюк
300 _aС. 26–31
650 7 _a908 Краєзнавство
_2UDC
773 0 _0373679
_9396127
_dОстрог НаУОА 2000
_o60519
_tНаукові записки. Історичні науки
_w(UA-OsUOA) 87717
942 _cBKA
_2udc
955 _a1